Geography Quiz

Random Geography or Flags Quiz

Red, white and blue US state flags Quiz Stats

 Plays Quiz not verified by Sporcle

Challenge
Share
Tweet
Embed
Score 0/7 Timer 02:00
0 Plays Today
% Correct
Texas
72.2%
Arkansas
63.9%
Hawaii
61.1%
Mississippi
52.8%
Ohio
52.8%
Tennessee
38.9%
Wyoming
27.8%

You're not logged in!

Compare scores with friends on all Sporcle quizzes.
OR
Log In

You Might Also Like...

Show Comments

Extras

Top Quizzes Today


Score Distribution

Your Account Isn't Verified!

In order to create a playlist on Sporcle, you need to verify the email address you used during registration. Go to your Sporcle Settings to finish the process.

Report this User

Report this user for behavior that violates our Community Guidelines.

Details: